书目信息 |
| 题名: |
Nikon D850数码单反摄影圣经
|
|
| 作者: | 雷波 编著 | |
| 分册: | ||
| 出版信息: | 北京 化学工业出版社 2021.2 |
|
| 页数: | 254页 | |
| 开本: | 26cm | |
| 丛书名: | ||
| 单 册: | ||
| 中图分类: | TB852.12 , J41 | |
| 科图分类: | ||
| 主题词: | 数字照相机--单镜头反光照相机--摄影技术 , 数字照相机--单镜头反光照相机--摄影艺术 | |
| 电子资源: | ||
| ISBN: | 978-7-122-31013-2 | |
| 000 | 01116nam0 2200253 45 | |
| 001 | 012001001093 | |
| 005 | 20140912155206.0 | |
| 010 | @a978-7-122-31013-2@dCNY99.00 | |
| 100 | @a20180302d2018 em y0chiy50 ea | |
| 101 | 0 | @achi |
| 102 | @aCN@b110000 | |
| 105 | @aa z 000yy | |
| 106 | @ar | |
| 200 | 1 | @aNikon D850数码单反摄影圣经@ANikon D850 shu ma dan fan she ying sheng jing@f雷波编著 |
| 210 | @a北京@c化学工业出版社@d2021.2 | |
| 215 | @a254页@c彩图@d26cm | |
| 330 | @a对广大Nikon D850用户而言,如何用好手中的相机拍出好片是亟待解决的问题。本书正是一本能够帮助读者全面、深入、细致地了解和掌握Nikon D850各项功能、菜单设置、镜头和附件选择与使用、拍摄佳片必须掌握的摄影知识、各类题材实拍技法、常用照片后期处理技巧等方面内容的实用型图书,可以说本书是一本与Nikon D850相机高度相关的摄影技巧大全,可以解决读者相机使用与拍摄过程中遇到的所有常见问题。 | |
| 606 | 0 | @a数字照相机@x单镜头反光照相机@x摄影技术 |
| 606 | 0 | @a数字照相机@x单镜头反光照相机@x摄影艺术 |
| 690 | @aTB852.12@v5 | |
| 690 | @aJ41@v5 | |
| 701 | 0 | @a雷波@Alei bo@4编著 |
| 801 | 0 | @aCN@bBJSDL@c20211011 |
| 905 | @b1333016-9@dTB852.12@e174@f4 | |
| Nikon D850数码单反摄影圣经/雷波编著.-北京:化学工业出版社,2021.2 |
| 254页:彩图;26cm |
| ISBN 978-7-122-31013-2:CNY99.00 |
| 对广大Nikon D850用户而言,如何用好手中的相机拍出好片是亟待解决的问题。本书正是一本能够帮助读者全面、深入、细致地了解和掌握Nikon D850各项功能、菜单设置、镜头和附件选择与使用、拍摄佳片必须掌握的摄影知识、各类题材实拍技法、常用照片后期处理技巧等方面内容的实用型图书,可以说本书是一本与Nikon D850相机高度相关的摄影技巧大全,可以解决读者相机使用与拍摄过程中遇到的所有常见问题。 |
| ● |
| 相关链接 |
|
|
|
|
正题名:Nikon D850数码单反摄影圣经
索取号:TB852.12/174
 
预约/预借
| 序号 | 登录号 | 条形码 | 馆藏地/架位号 | 状态 | 备注 |
| 1 | 1333016 | 213330162 | 第二样本阅览室/ [索取号:TB852.12/174] | 在馆 | |
| 2 | 1333017 | 213330171 | 第三借阅区/ [索取号:TB852.12/174] | 在馆 | |
| 3 | 1333018 | 213330180 | 第三借阅区/ [索取号:TB852.12/174] | 在馆 | |
| 4 | 1333019 | 213330199 | 第三借阅区/ [索取号:TB852.12/174] | 在馆 |